| 000 | 00375nam a2200121Ia 4500 | ||
|---|---|---|---|
| 008 | 210430s9999 xx 000 0 und d | ||
| 082 | _a662.2 I 6111 I | ||
| 100 |
_aTutorials: assessed Exercise _952683 |
||
| 245 |
_aIntroduction to Materials and Terminal Ballistic _cTutorials: assessed Exercise |
||
| 260 |
_aPhotocopy _bphotocopy _c2010 |
||
| 300 | _a57p | ||
| 942 |
_cBK _2ddc |
||
| 999 |
_c562082 _d562082 |
||